LEADER 01371nam a2200241 i 4500 001 000000029670 003 CaOOAMICUS 005 20200721152919.0 008 180830s1793 it u000 u ita u 040 $aSeMil$bita 100 1 $aScaramelli, Giovanni Battista,$c.$0(OLS)http://semarc/name/9722 245 10$aDirettorio ascetico, in cui s'insegna il modo di condurre l'anime per vie ordinarie della grazia alla perfezione cristiana, indirizzato ai direttori dell'anime. Opera del padre Gio. Battista Scaramelli della Compagnia di Gesł. Tomo 1. [-2.]. 260 $aIn Venezia :$bPresso Simone Occhi,$c1793. 300 $a2 v. ;$c4°. 500 $aCors. ; rom. - Testo su due colonne. - Iniz. xilogr. 500 $aLegati insieme i 2 vol. 650 4$aAscetica e mistica - Manuali.$0(OLS)http://semarc/subject/4031 700 1 $aOcchi, Simone,$c.$0(OLS)http://semarc/name/2607 774 0 $tTomo 1.$w()228557 774 0 $tTomo 2.$w()228609 996 $6245$aDirettorio ascetico, in cui s'insegna il modo di condurre l'anime per vie ordinarie della grazia alla perfezione cristiana, indirizzato ai direttori dell'anime. Opera del padre Gio. Battista Scaramelli della Compagnia di Gesł. Tomo 1. [-2.]$9(OLS)http://semarc/title/40321 996 $6260$aIn Venezia :$bPresso Simone Occhi$9(OLS)http://semarc/publisher/31176 LEADER 01168nam a2200253 i 4500 001 000000060035 003 CaOOAMICUS 005 20080724000000.0 008 080724s1993 it u000 u ita u 013 $a31207 040 $aSeMil$bita 100 1 $aElli, Pietro.$0(OLS)http://semarc/name/30565 245 13$aLa partecipazione di Benedettini Cassinesi alla controversia di Crema (1732-1752) /$cPietro Elli. 260 $aMontecassino :$b[s.n.],$cstampa 1993$e(Isola del Liri :$fTip. Ed. M. Pisani,$gstampa 1993) 300 $a173 p. ;$c22 cm. 500 $aContiene : Appendice. 650 4$aBenedettini - Storia.$0(OLS)http://semarc/subject/6053 650 4$aCrema - Santuario di Santa Maria della Croce.$0(OLS)http://semarc/subject/12002 650 4$aEucaristia - Storia.$0(OLS)http://semarc/subject/89 850 $aSeMil 852 $aSeMil$W1$xVenegono$y1$m3A I 217$j26188$B26188$CSeMilBibl$Z2$F26191 $81 961 $aOmaggio: Como don Giuseppe 996 $6245$aLa partecipazione di Benedettini Cassinesi alla controversia di Crema (1732-1752)$9(OLS)http://semarc/title/93990 996 $6260$aMontecassino :$b[s.n.]$9(OLS)http://semarc/publisher/33562